[Event "XVII Open Internacional Villa de Ibi"]
[Site "Ibi, Spain"]
[Date "2019.09.08"]
[Round "1.7"]
[White "Villagordo Espinosa, Carlos"]
[Black "Granero Roca, Antonio"]
[Result "0-1"]
[WhiteElo "1790"]
[BlackElo "2354"]
[PlyCount "72"]
[EventDate "2019.??.??"]

1. e4 {[%clk 00:15:01]} 1... c5 {[%clk 00:15:02]} 2. Nf3 {
[%clk 00:15:02]  [%emt 00:00:04]} 2... Nc6 {[%clk 00:15:03]  [%emt 00:00:11]}
3. c4 {[%clk 00:15:00]} 3... g6 {[%clk 00:15:02]} 4. Nc3 {[%clk 00:14:59]} 4...
Bg7 {[%clk 00:15:02]  [%emt 00:00:03]} 5. Be2 {[%clk 00:14:56]  [%emt 00:00:03]
} 5... d6 {[%clk 00:14:59]  [%emt 00:00:05]} 6. O-O {
[%clk 00:14:52]  [%emt 00:00:18]} 6... e6 {[%clk 00:14:53]} 7. d3 {
[%clk 00:14:48]  [%emt 00:00:18]} 7... Nge7 {[%clk 00:14:50]} 8. Be3 {
[%clk 00:14:49]} 8... Nd4 {[%clk 00:14:45]  [%emt 00:00:08]} 9. Bxd4 {
[%clk 00:14:31]  [%emt 00:00:06]} 9... cxd4 {[%clk 00:14:44]  [%emt 00:00:30]}
10. Nb5 {[%clk 00:14:31]} 10... Nc6 {[%clk 00:14:41]  [%emt 00:00:04]} 11. Rc1
{[%clk 00:14:07]  [%emt 00:00:05]} 11... a6 {[%clk 00:14:27]  [%emt 00:00:16]}
12. Na3 {[%clk 00:14:02]  [%emt 00:00:04]} 12... O-O {
[%clk 00:14:10]  [%emt 00:00:33]} 13. Nc2 {[%clk 00:13:48]  [%emt 00:00:06]}
13... Bd7 {[%clk 00:14:00]  [%emt 00:00:16]} 14. b4 {[%clk 00:13:45]} 14... b5
{[%clk 00:14:00]  [%emt 00:00:14]} 15. a3 {[%clk 00:13:12]  [%emt 00:00:23]}
15... e5 {[%clk 00:13:56]  [%emt 00:00:07]} 16. Ra1 {
[%clk 00:12:46]  [%emt 00:00:25]} 16... f5 {[%clk 00:13:39]  [%emt 00:00:32]}
17. Nd2 {[%clk 00:12:23]  [%emt 00:00:13]} 17... Bh6 {
[%clk 00:13:20]  [%emt 00:00:19]} 18. f3 {[%clk 00:12:13]  [%emt 00:00:22]}
18... Qh4 {[%clk 00:12:48]  [%emt 00:00:23]} 19. a4 {
[%clk 00:11:36]  [%emt 00:00:45]} 19... bxa4 {[%clk 00:12:18]  [%emt 00:00:28]}
20. Rxa4 {[%clk 00:11:36]  [%emt 00:00:32]} 20... Nd8 {[%clk 00:12:11]} 21. b5
{[%clk 00:11:02]  [%emt 00:00:50]} 21... Ne6 {[%clk 00:12:06]} 22. Rxa6 {
[%clk 00:10:58]  [%emt 00:00:03]} 22... Rxa6 {[%clk 00:12:06]} 23. bxa6 {
[%clk 00:10:58]} 23... Ba4 {[%clk 00:12:01]} 24. g3 {
[%clk 00:10:09]  [%emt 00:00:36]} 24... Qe7 {[%clk 00:11:46]  [%emt 00:00:17]}
25. Qc1 {[%clk 00:09:51]  [%emt 00:00:43]} 25... Nc5 {[%clk 00:11:45]} 26. Nb4
{[%clk 00:09:47]} 26... Be3+ {[%clk 00:11:24]  [%emt 00:00:48]} 27. Kh1 Nb3 {
[%clk 00:11:06]} 28. Qa3 {[%clk 00:08:48]  [%emt 00:00:51]} 28... Nxd2 {
[%clk 00:11:06]} 29. Qxa4 {[%clk 00:08:49]} 29... Nxf1 {[%clk 00:11:05]} 30.
Bxf1 {[%clk 00:08:49]  [%emt 00:00:04]} 30... fxe4 {[%emt 00:00:35]} 31. Nd5 {
[%emt 00:00:10]} 31... Qf7 {[%emt 00:01:47]} 32. f4 {[%clk 00:06:43]} 32...
exf4 {[%clk 00:10:25]  [%emt 00:00:21]} 33. Nxe3 {
[%clk 00:05:58]  [%emt 00:00:46]} 33... fxe3 {[%clk 00:10:16]  [%emt 00:00:14]}
34. Bg2 {[%clk 00:04:55]  [%emt 00:01:02]} 34... e2 {
[%clk 00:10:04]  [%emt 00:00:17]} 35. Qa1 {[%clk 00:04:17]  [%emt 00:00:38]}
35... Qf2 {[%clk 00:09:49]  [%emt 00:00:17]} 36. Bxe4 {
[%clk 00:04:03]  [%emt 00:01:45]} 36... Qf1+ {[%clk 00:09:44]} 0-1

[Event "XVII Open Internacional Villa de Ibi"]
[Site "Ibi, Spain"]
[Date "2019.09.08"]
[Round "1.8"]
[White "Rubio Tent, Francisco"]
[Black "Cano Hurtado, Ruben"]
[Result "1-0"]
[WhiteElo "2346"]
[BlackElo "1787"]
[PlyCount "41"]
[EventDate "2019.??.??"]

1. e4 {[%clk 00:14:59]} 1... c6 {[%clk 00:15:02]} 2. d4 {[%clk 00:14:39]} 2...
d5 {[%clk 00:15:03]  [%emt 00:00:16]} 3. exd5 {[%clk 00:14:40]} 3... cxd5 {
[%clk 00:15:03]} 4. c4 {[%clk 00:14:41]} 4... Nf6 {[%clk 00:15:03]} 5. Nc3 {
[%clk 00:14:42]} 5... Nc6 {[%clk 00:15:05]} 6. Bg5 {
[%clk 00:14:19]  [%emt 00:00:17]} 6... Ne4 {[%clk 00:08:25]  [%emt 00:06:41]}
7. Nxe4 {[%clk 00:13:37]  [%emt 00:01:26]} 7... dxe4 {[%clk 00:08:25]} 8. d5 {
[%clk 00:12:35]  [%emt 00:00:23]} 8... Ne5 {[%clk 00:08:22]  [%emt 00:00:15]}
9. Qd4 {[%clk 00:12:26]  [%emt 00:00:15]} 9... f6 {
[%clk 00:05:37]  [%emt 00:02:34]} 10. Bd2 {[%clk 00:12:14]  [%emt 00:00:17]}
10... Bf5 {[%clk 00:05:20]  [%emt 00:00:33]} 11. c5 {
[%clk 00:08:55]  [%emt 00:03:06]} 11... a6 {[%clk 00:03:00]  [%emt 00:02:41]}
12. f3 {[%clk 00:07:18]  [%emt 00:01:18]} 12... exf3 {
[%clk 00:02:38]  [%emt 00:00:24]} 13. Nxf3 {[%clk 00:07:13]  [%emt 00:00:28]}
13... Nxf3+ {[%clk 00:02:13]  [%emt 00:00:14]} 14. gxf3 {[%clk 00:07:14]} 14...
Rc8 {[%clk 00:02:06]  [%emt 00:00:05]} 15. Rc1 {
[%clk 00:06:05]  [%emt 00:01:24]} 15... e5 {[%clk 00:01:36]  [%emt 00:00:15]}
16. Qa4+ {[%clk 00:05:47]  [%emt 00:00:23]} 16... Bd7 {
[%clk 00:00:34]  [%emt 00:01:08]} 17. c6 {[%clk 00:05:31]  [%emt 00:00:31]}
17... bxc6 {[%clk 00:00:35]} 18. dxc6 {[%clk 00:05:32]} 18... Be6 {
[%clk 00:00:36]} 19. Bxa6 {[%clk 00:05:16]  [%emt 00:00:25]} 19... Bd6 {
[%clk 00:00:17]  [%emt 00:00:03]} 20. c7+ {[%clk 00:05:09]  [%emt 00:00:05]}
20... Qd7 {[%clk 00:00:12]  [%emt 00:00:13]} 21. Bb5 {[%clk 00:05:09]} 1-0

[Event "XVII Open Internacional Villa de Ibi"]
[Site "Ibi, Spain"]
[Date "2019.09.08"]
[Round "2.1"]
[White "Cruz Lledo, Pablo"]
[Black "Corbi Marti, Joaquin"]
[Result "1-0"]
[WhiteElo "2452"]
[BlackElo "2043"]
[PlyCount "59"]
[EventDate "2019.??.??"]

1. d4 {[%clk 00:14:53]  [%emt 00:00:11]} 1... Nf6 {
[%clk 00:15:01]  [%emt 00:00:09]} 2. c4 {[%clk 00:14:54]  [%emt 00:00:03]} 2...
g6 {[%clk 00:15:00]} 3. Nc3 {[%clk 00:14:54]} 3... Bg7 {
[%clk 00:15:00]  [%emt 00:00:04]} 4. e4 {[%clk 00:14:55]  [%emt 00:00:04]} 4...
d6 {[%clk 00:15:00]} 5. Nge2 {[%clk 00:14:52]  [%emt 00:00:03]} 5... O-O {
[%clk 00:14:55]  [%emt 00:00:11]} 6. f3 {[%clk 00:14:53]} 6... Nc6 {
[%clk 00:14:45]  [%emt 00:00:08]} 7. Be3 {[%clk 00:14:53]  [%emt 00:00:03]}
7... a6 {[%clk 00:14:45]  [%emt 00:00:03]} 8. Qd2 {[%clk 00:14:54]} 8... Rb8 {
[%clk 00:14:45]  [%emt 00:00:03]} 9. Rc1 {[%clk 00:14:55]} 9... Bd7 {
[%clk 00:13:54]  [%emt 00:00:53]} 10. Nd1 {[%clk 00:14:55]  [%emt 00:00:03]}
10... b5 {[%clk 00:13:19]  [%emt 00:00:33]} 11. c5 {
[%clk 00:14:56]  [%emt 00:00:11]} 11... dxc5 {[%clk 00:12:56]  [%emt 00:00:15]}
12. Rxc5 {[%clk 00:14:56]  [%emt 00:00:11]} 12... Rb7 {
[%clk 00:11:14]  [%emt 00:02:14]} 13. Ng3 {[%clk 00:14:54]} 13... e6 {
[%clk 00:07:21]  [%emt 00:03:20]} 14. Be2 {[%clk 00:14:50]  [%emt 00:00:31]}
14... h5 {[%clk 00:05:47]  [%emt 00:01:11]} 15. Bg5 {
[%clk 00:14:14]  [%emt 00:01:15]} 15... Qa8 {[%clk 00:05:24]  [%emt 00:00:04]}
16. O-O {[%clk 00:13:59]  [%emt 00:00:07]} 16... Qa7 {
[%clk 00:05:19]  [%emt 00:00:07]} 17. e5 {[%clk 00:12:54]  [%emt 00:01:02]}
17... Nd5 {[%clk 00:04:41]  [%emt 00:00:42]} 18. Ne4 {
[%clk 00:12:54]  [%emt 00:00:03]} 18... f6 {[%clk 00:03:23]  [%emt 00:01:16]}
19. exf6 {[%clk 00:12:53]  [%emt 00:00:29]} 19... Nxf6 {[%clk 00:03:23]} 20.
Nxf6+ {[%clk 00:12:29]  [%emt 00:00:10]} 20... Bxf6 {[%clk 00:03:23]} 21. Bxf6
{[%clk 00:12:29]} 21... Rxf6 {[%clk 00:03:23]  [%emt 00:00:08]} 22. Nf2 {
[%clk 00:12:23]  [%emt 00:00:08]} 22... e5 {[%clk 00:02:26]  [%emt 00:00:49]}
23. Ne4 {[%clk 00:11:57]  [%emt 00:00:47]} 23... Rf7 {[%clk 00:02:16]} 24. dxe5
{[%clk 00:11:40]  [%emt 00:00:15]} 24... Nxe5 {[%clk 00:01:42]  [%emt 00:00:33]
} 25. Kh1 {[%clk 00:11:25]  [%emt 00:00:30]} 25... Nc4 {
[%clk 00:00:58]  [%emt 00:00:34]} 26. Rxc4 {[%clk 00:11:13]  [%emt 00:00:20]}
26... bxc4 {[%clk 00:00:46]  [%emt 00:00:07]} 27. Bxc4 {
[%clk 00:11:13]  [%emt 00:00:35]} 27... Be8 {[%clk 00:00:31]  [%emt 00:00:06]}
28. Nf6+ {[%clk 00:10:58]} 28... Kf8 {[%clk 00:00:14]  [%emt 00:00:14]} 29.
Qh6+ {[%clk 00:10:32]  [%emt 00:00:31]} 29... Ke7 {
[%clk 00:00:15]  [%emt 00:00:03]} 30. Nxe8 {[%clk 00:10:09]  [%emt 00:00:20]}
1-0

[Event "XVII Open Internacional Villa de Ibi"]
[Site "Ibi, Spain"]
[Date "2019.09.08"]
[Round "2.2"]
[White "Garcia Porlan, Beatriz"]
[Black "Giaccio, Alfredo"]
[Result "0-1"]
[WhiteElo "2051"]
[BlackElo "2420"]
[PlyCount "44"]
[EventDate "2019.??.??"]

1. e4 {[%clk 00:15:02]  [%emt 00:00:08]} 1... e6 {
[%clk 00:15:03]  [%emt 00:00:03]} 2. d4 {[%clk 00:15:02]} 2... d5 {
[%clk 00:15:03]} 3. Nc3 {[%clk 00:15:03]} 3... Nc6 {
[%clk 00:14:59]  [%emt 00:00:12]} 4. Nf3 {[%clk 00:13:44]  [%emt 00:01:17]}
4... Bb4 {[%clk 00:14:27]  [%emt 00:00:29]} 5. e5 {
[%clk 00:13:09]  [%emt 00:00:37]} 5... f6 {[%clk 00:14:17]  [%emt 00:00:40]} 6.
Bd2 {[%clk 00:09:55]  [%emt 00:02:49]} 6... Bd7 {
[%clk 00:12:11]  [%emt 00:02:15]} 7. a3 {[%clk 00:09:31]  [%emt 00:00:19]} 7...
Ba5 {[%clk 00:12:00]  [%emt 00:00:13]} 8. Bd3 {[%clk 00:08:25]  [%emt 00:01:08]
} 8... Qe7 {[%clk 00:09:58]  [%emt 00:02:07]} 9. O-O {
[%clk 00:06:31]  [%emt 00:01:55]} 9... Qf7 {[%clk 00:08:52]  [%emt 00:01:05]}
10. Re1 {[%clk 00:05:45]  [%emt 00:00:59]} 10... Nge7 {
[%clk 00:08:38]  [%emt 00:00:14]} 11. Ne2 {[%clk 00:05:19]  [%emt 00:00:19]}
11... Bb6 {[%clk 00:08:11]  [%emt 00:00:40]} 12. c3 {
[%clk 00:04:30]  [%emt 00:00:40]} 12... O-O {[%clk 00:05:43]  [%emt 00:02:30]}
13. exf6 {[%clk 00:03:47]  [%emt 00:00:46]} 13... gxf6 {
[%clk 00:05:41]  [%emt 00:00:08]} 14. Ng3 {[%clk 00:01:13]  [%emt 00:02:38]}
14... Kh8 {[%clk 00:05:20]  [%emt 00:00:28]} 15. Nh4 {
[%clk 00:00:37]  [%emt 00:00:27]} 15... e5 {[%clk 00:03:56]  [%emt 00:01:30]}
16. dxe5 {[%clk 00:00:27]  [%emt 00:00:12]} 16... fxe5 {
[%clk 00:03:54]  [%emt 00:00:03]} 17. Be3 {[%clk 00:00:27]} 17... Rg8 {
[%clk 00:03:10]  [%emt 00:00:46]} 18. Bxb6 {[%clk 00:00:21]  [%emt 00:00:38]}
18... axb6 {[%clk 00:03:10]} 19. Qh5 {[%clk 00:00:12]  [%emt 00:00:03]} 19...
Qxh5 {[%clk 00:02:53]  [%emt 00:00:03]} 20. Nxh5 {[%clk 00:00:13]} 20... Raf8 {
[%clk 00:02:53]} 21. Ng3 {[%clk 00:00:08]  [%emt 00:00:08]} 21... Rg4 {
[%clk 00:02:35]  [%emt 00:00:19]} 22. Nf3 {[%clk 00:00:04]  [%emt 00:00:10]}
22... e4 {[%clk 00:02:36]} 0-1

[Event "XVII Open Internacional Villa de Ibi"]
[Site "Ibi, Spain"]
[Date "2019.09.08"]
[Round "2.3"]
[White "Valmana Canto, Jaime"]
[Black "Varga, Mariano"]
[Result "1-0"]
[WhiteElo "2416"]
[BlackElo "2038"]
[PlyCount "59"]
[EventDate "2019.??.??"]

1. e4 {[%clk 00:14:57]  [%emt 00:00:11]} 1... c5 {
[%clk 00:15:03]  [%emt 00:00:06]} 2. Nc3 {[%clk 00:14:56]} 2... e6 {
[%clk 00:15:03]} 3. Nf3 {[%clk 00:14:41]  [%emt 00:00:14]} 3... a6 {
[%clk 00:14:47]  [%emt 00:00:42]} 4. d4 {[%clk 00:14:39]} 4... cxd4 {
[%clk 00:14:48]} 5. Nxd4 {[%clk 00:14:39]} 5... Qc7 {
[%clk 00:14:47]  [%emt 00:00:09]} 6. Bd3 {[%clk 00:14:39]} 6... b5 {
[%clk 00:14:46]} 7. O-O {[%clk 00:14:37]} 7... Bb7 {[%clk 00:14:47]} 8. Qe2 {
[%clk 00:14:02]  [%emt 00:01:08]} 8... d6 {[%clk 00:14:45]} 9. a4 {
[%clk 00:14:00]} 9... bxa4 {[%clk 00:13:07]  [%emt 00:01:13]} 10. Rxa4 {
[%clk 00:13:48]  [%emt 00:00:04]} 10... Nf6 {[%clk 00:13:06]  [%emt 00:00:26]}
11. Bg5 {[%clk 00:11:54]  [%emt 00:01:33]} 11... Be7 {
[%clk 00:13:05]  [%emt 00:00:17]} 12. Rfa1 {[%clk 00:11:54]} 12... O-O {
[%clk 00:13:02]} 13. Nb3 {[%clk 00:11:49]  [%emt 00:00:03]} 13... h6 {
[%clk 00:12:11]  [%emt 00:01:24]} 14. Bf4 {[%clk 00:11:17]  [%emt 00:00:21]}
14... Nfd7 {[%clk 00:10:51]  [%emt 00:01:04]} 15. Qd2 {
[%clk 00:07:10]  [%emt 00:04:21]} 15... Bf6 {[%clk 00:10:28]  [%emt 00:00:56]}
16. Bg3 {[%clk 00:06:40]} 16... Ne5 {[%clk 00:10:21]} 17. Be2 {
[%clk 00:06:40]  [%emt 00:00:04]} 17... Rc8 {[%clk 00:08:50]  [%emt 00:01:47]}
18. Na5 {[%clk 00:06:24]} 18... Bc6 {[%clk 00:07:36]  [%emt 00:01:13]} 19. Nxc6
{[%clk 00:06:22]  [%emt 00:00:06]} 19... Qxc6 {[%clk 00:07:32]  [%emt 00:00:08]
} 20. f4 {[%clk 00:06:16]  [%emt 00:00:06]} 20... Ned7 {
[%clk 00:07:28]  [%emt 00:00:08]} 21. e5 {[%clk 00:05:41]  [%emt 00:00:44]}
21... Be7 {[%clk 00:06:52]  [%emt 00:00:27]} 22. Bf3 {
[%clk 00:05:35]  [%emt 00:00:18]} 22... d5 {[%clk 00:06:51]} 23. Nxd5 {
[%clk 00:05:25]  [%emt 00:00:04]} 23... exd5 {[%clk 00:05:11]  [%emt 00:01:56]}
24. Bxd5 {[%clk 00:05:25]} 24... Qb6+ {[%clk 00:04:51]  [%emt 00:00:17]} 25.
Bf2 {[%clk 00:05:15]  [%emt 00:00:08]} 25... Qxb2 {
[%clk 00:04:34]  [%emt 00:00:15]} 26. R4a2 {[%clk 00:05:04]  [%emt 00:00:26]}
26... Qb5 {[%clk 00:03:48]  [%emt 00:00:53]} 27. Bxa8 {
[%clk 00:05:00]  [%emt 00:00:06]} 27... Nb6 {[%clk 00:03:39]} 28. Be4 {
[%clk 00:03:50]  [%emt 00:01:06]} 28... Bb4 {[%clk 00:03:39]  [%emt 00:00:09]}
29. Qd3 {[%clk 00:03:15]  [%emt 00:00:41]} 29... Qe8 {
[%clk 00:03:04]  [%emt 00:00:41]} 30. Bxb6 1-0

[Event "XVII Open Internacional Villa de Ibi"]
[Site "Ibi, Spain"]
[Date "2019.09.08"]
[Round "2.4"]
[White "Martinez Sanchez, Pedro Jose"]
[Black "Plaskett, H James"]
[Result "0-1"]
[WhiteElo "2041"]
[BlackElo "2415"]
[PlyCount "68"]
[EventDate "2019.??.??"]

1. d4 {[%clk 00:15:00]  [%emt 00:00:04]} 1... Nf6 {
[%clk 00:15:02]  [%emt 00:00:03]} 2. c4 {[%clk 00:15:00]} 2... e6 {
[%clk 00:15:00]  [%emt 00:00:06]} 3. Nc3 {[%clk 00:15:00]  [%emt 00:00:04]}
3... Bb4 {[%clk 00:15:00]} 4. Qc2 {[%clk 00:14:59]  [%emt 00:00:04]} 4... O-O {
[%clk 00:14:47]  [%emt 00:00:15]} 5. Nf3 {[%clk 00:14:59]} 5... c5 {
[%clk 00:14:29]  [%emt 00:00:39]} 6. e3 {[%clk 00:14:56]  [%emt 00:00:04]} 6...
b6 {[%clk 00:13:25]  [%emt 00:00:46]} 7. Be2 {[%clk 00:14:44]  [%emt 00:00:35]}
7... Bb7 {[%clk 00:13:25]} 8. O-O {[%clk 00:14:40]} 8... d5 {
[%clk 00:10:35]  [%emt 00:02:40]} 9. a3 {[%clk 00:14:13]  [%emt 00:00:29]} 9...
Bxc3 {[%clk 00:10:32]  [%emt 00:00:34]} 10. bxc3 {[%clk 00:14:12]} 10... Nbd7 {
[%clk 00:09:54]  [%emt 00:00:14]} 11. cxd5 {[%clk 00:13:59]  [%emt 00:00:15]}
11... exd5 {[%clk 00:09:52]  [%emt 00:00:42]} 12. a4 {[%clk 00:13:45]} 12...
Rc8 {[%clk 00:09:20]  [%emt 00:00:12]} 13. Qd1 {
[%clk 00:12:41]  [%emt 00:01:07]} 13... Ne4 {[%clk 00:09:15]  [%emt 00:00:13]}
14. Bb2 {[%clk 00:12:31]  [%emt 00:00:08]} 14... c4 {
[%clk 00:09:12]  [%emt 00:00:04]} 15. Qc2 {[%clk 00:12:02]  [%emt 00:00:31]}
15... Re8 {[%clk 00:09:03]  [%emt 00:00:09]} 16. Rfb1 {
[%clk 00:11:17]  [%emt 00:00:47]} 16... Qf6 {[%clk 00:07:47]  [%emt 00:01:18]}
17. Bc1 {[%clk 00:11:07]  [%emt 00:00:14]} 17... Bc6 {
[%clk 00:07:32]  [%emt 00:00:24]} 18. Bd2 {[%clk 00:10:18]  [%emt 00:00:42]}
18... Re6 {[%clk 00:07:17]  [%emt 00:00:17]} 19. Be1 {
[%clk 00:10:09]  [%emt 00:00:35]} 19... Qh6 {[%clk 00:06:45]  [%emt 00:00:22]}
20. Ra2 {[%clk 00:09:09]  [%emt 00:00:50]} 20... Rce8 {
[%clk 00:06:27]  [%emt 00:00:20]} 21. a5 {[%clk 00:08:51]  [%emt 00:00:47]}
21... b5 {[%clk 00:06:25]} 22. a6 {[%clk 00:08:47]} 22... Rg6 {
[%clk 00:05:53]  [%emt 00:00:16]} 23. Ra5 {[%clk 00:08:31]  [%emt 00:00:24]}
23... Qh3 {[%clk 00:05:05]  [%emt 00:01:04]} 24. g3 {
[%clk 00:08:14]  [%emt 00:00:27]} 24... Ndf6 {[%clk 00:04:48]} 25. Bf1 {
[%clk 00:08:10]  [%emt 00:00:15]} 25... Qf5 {[%clk 00:04:49]} 26. Bg2 {
[%clk 00:07:58]} 26... Rh6 {[%clk 00:03:23]  [%emt 00:01:27]} 27. Qe2 {
[%clk 00:06:59]  [%emt 00:01:00]} 27... Nxc3 {[%clk 00:03:18]  [%emt 00:00:07]}
28. Bxc3 {[%clk 00:06:28]  [%emt 00:00:35]} 28... Qxb1+ {
[%clk 00:03:17]  [%emt 00:00:03]} 29. Bf1 {[%clk 00:06:29]  [%emt 00:00:03]}
29... Ne4 {[%clk 00:03:02]  [%emt 00:00:15]} 30. Be1 {
[%clk 00:06:12]  [%emt 00:00:27]} 30... Rhe6 {[%clk 00:02:52]  [%emt 00:00:11]}
31. Ne5 {[%clk 00:06:01]  [%emt 00:00:08]} 31... Rxe5 {
[%clk 00:02:51]  [%emt 00:00:19]} 32. dxe5 {[%clk 00:06:00]  [%emt 00:00:04]}
32... Rxe5 {[%clk 00:02:48]} 33. Kg2 {[%clk 00:05:43]  [%emt 00:00:05]} 33...
d4 {[%clk 00:02:40]  [%emt 00:00:07]} 34. f3 {[%clk 00:05:31]  [%emt 00:00:48]}
34... d3 {[%clk 00:02:33]} 0-1

[Event "XVII Open Internacional Villa de Ibi"]
[Site "Ibi, Spain"]
[Date "2019.09.08"]
[Round "2.5"]
[White "Campos Gambuti, Luis Maria"]
[Black "Soler Giner, Salvador"]
[Result "1/2-1/2"]
[WhiteElo "2373"]
[BlackElo "2025"]
[PlyCount "118"]
[EventDate "2019.??.??"]

1. d4 {[%clk 00:15:03]} 1... Nf6 {[%clk 00:15:01]} 2. Nf3 {
[%clk 00:15:04]  [%emt 00:00:04]} 2... e6 {[%clk 00:14:59]  [%emt 00:00:09]} 3.
c4 {[%clk 00:15:03]} 3... Bb4+ {[%clk 00:15:00]} 4. Nbd2 {
[%clk 00:14:59]  [%emt 00:00:47]} 4... O-O {[%clk 00:14:47]} 5. a3 {
[%clk 00:14:59]} 5... Bxd2+ {[%clk 00:14:47]} 6. Qxd2 {[%clk 00:14:52]} 6... b6
{[%clk 00:14:43]} 7. g3 {[%clk 00:14:37]  [%emt 00:00:17]} 7... Bb7 {
[%clk 00:14:44]} 8. Bg2 {[%clk 00:14:38]} 8... d6 {
[%clk 00:14:36]  [%emt 00:00:04]} 9. O-O {[%clk 00:14:31]  [%emt 00:00:06]}
9... Nbd7 {[%clk 00:14:37]} 10. b4 {[%clk 00:14:29]  [%emt 00:00:12]} 10... Qe7
{[%clk 00:14:17]  [%emt 00:00:19]} 11. Bb2 {[%clk 00:14:30]} 11... e5 {
[%clk 00:13:59]  [%emt 00:00:17]} 12. d5 {[%clk 00:14:20]  [%emt 00:00:11]}
12... a5 {[%clk 00:13:50]  [%emt 00:00:13]} 13. Nh4 {
[%clk 00:14:03]  [%emt 00:00:19]} 13... g6 {[%clk 00:13:38]  [%emt 00:00:14]}
14. e4 {[%clk 00:13:39]  [%emt 00:00:25]} 14... axb4 {
[%clk 00:13:33]  [%emt 00:00:07]} 15. axb4 {[%clk 00:13:39]  [%emt 00:00:06]}
15... Rxa1 {[%clk 00:13:33]} 16. Rxa1 {[%clk 00:13:40]  [%emt 00:00:04]} 16...
Ra8 {[%clk 00:13:34]} 17. Rxa8+ {[%clk 00:13:17]  [%emt 00:00:22]} 17... Bxa8 {
[%clk 00:13:34]} 18. Qc2 {[%clk 00:13:16]  [%emt 00:00:06]} 18... Qd8 {
[%clk 00:12:54]  [%emt 00:00:41]} 19. Bh3 {[%clk 00:13:06]  [%emt 00:00:11]}
19... Bb7 {[%clk 00:12:35]  [%emt 00:00:21]} 20. Qa4 {
[%clk 00:11:27]  [%emt 00:01:58]} 20... Nf8 {[%clk 00:12:23]} 21. f3 {
[%clk 00:10:55]  [%emt 00:00:33]} 21... Qa8 {[%clk 00:12:22]  [%emt 00:00:09]}
22. Qxa8 {[%clk 00:10:55]} 22... Bxa8 {[%clk 00:12:23]} 23. c5 {[%clk 00:10:56]
} 23... bxc5 {[%clk 00:12:17]  [%emt 00:00:04]} 24. bxc5 {[%clk 00:10:57]}
24... Bb7 {[%clk 00:12:02]  [%emt 00:00:18]} 25. Ba3 {
[%clk 00:10:53]  [%emt 00:00:06]} 25... dxc5 {[%clk 00:11:10]  [%emt 00:00:53]}
26. Bxc5 {[%clk 00:10:54]} 26... Ne8 {[%clk 00:11:10]  [%emt 00:00:06]} 27. Bb4
{[%clk 00:10:35]  [%emt 00:00:18]} 27... Nd6 {[%clk 00:11:01]  [%emt 00:00:21]}
28. Bc3 {[%clk 00:10:32]} 28... f6 {[%clk 00:11:02]} 29. Bb4 {
[%clk 00:10:10]  [%emt 00:00:21]} 29... Kf7 {[%clk 00:10:47]  [%emt 00:00:17]}
30. Ng2 {[%clk 00:10:08]  [%emt 00:00:04]} 30... f5 {
[%clk 00:10:16]  [%emt 00:00:35]} 31. Ba5 {[%clk 00:08:42]  [%emt 00:01:26]}
31... fxe4 {[%clk 00:10:03]  [%emt 00:00:16]} 32. Bxc7 {[%clk 00:08:42]} 32...
exf3 {[%clk 00:09:56]  [%emt 00:00:12]} 33. Bxd6 {
[%clk 00:07:38]  [%emt 00:01:07]} 33... fxg2 {[%clk 00:09:56]  [%emt 00:00:04]}
34. Bxg2 {[%clk 00:07:02]  [%emt 00:00:34]} 34... Nd7 {
[%clk 00:09:47]  [%emt 00:00:24]} 35. Bh3 {[%clk 00:05:09]  [%emt 00:01:46]}
35... Nb6 {[%clk 00:09:42]  [%emt 00:00:05]} 36. Bxe5 {
[%clk 00:05:03]  [%emt 00:00:05]} 36... Bxd5 {[%clk 00:09:39]  [%emt 00:00:06]}
37. Kf2 {[%clk 00:04:48]  [%emt 00:00:15]} 37... Be6 {
[%clk 00:09:29]  [%emt 00:00:13]} 38. Bg2 {[%clk 00:04:45]  [%emt 00:00:06]}
38... Nd7 {[%clk 00:09:30]} 39. Bd4 {[%clk 00:04:46]} 39... Nf6 {
[%clk 00:09:27]  [%emt 00:00:09]} 40. h3 {[%clk 00:04:35]  [%emt 00:00:10]}
40... g5 {[%clk 00:08:56]  [%emt 00:00:37]} 41. Be5 {
[%clk 00:04:17]  [%emt 00:00:17]} 41... h6 {[%clk 00:08:55]  [%emt 00:00:06]}
42. Ke3 {[%clk 00:04:14]  [%emt 00:00:04]} 42... Bd5 {
[%clk 00:08:49]  [%emt 00:00:06]} 43. Bxd5+ {[%clk 00:04:07]  [%emt 00:00:08]}
43... Nxd5+ {[%clk 00:08:50]} 44. Ke4 {[%clk 00:04:08]} 44... Ne7 {
[%clk 00:08:50]  [%emt 00:00:09]} 45. Bd6 {[%clk 00:03:55]  [%emt 00:00:10]}
45... Ng8 {[%clk 00:08:31]  [%emt 00:00:20]} 46. Be5 {
[%clk 00:03:19]  [%emt 00:00:38]} 46... Kg6 {[%clk 00:08:28]  [%emt 00:00:06]}
47. Kd5 {[%clk 00:03:10]  [%emt 00:00:11]} 47... Nf6+ {
[%clk 00:08:27]  [%emt 00:00:05]} 48. Bxf6 {[%clk 00:02:22]  [%emt 00:00:50]}
48... Kxf6 {[%clk 00:08:28]} 49. g4 {[%clk 00:02:23]} 49... Kg6 {
[%clk 00:08:21]  [%emt 00:00:17]} 50. Ke6 {[%clk 00:02:22]} 50... h5 {
[%clk 00:08:22]} 51. Ke5 {[%clk 00:02:20]  [%emt 00:00:05]} 51... hxg4 {
[%clk 00:08:22]} 52. hxg4 {[%clk 00:02:21]} 52... Kg7 {
[%clk 00:08:17]  [%emt 00:00:10]} 53. Kf5 {[%clk 00:02:17]  [%emt 00:00:49]}
53... Kf7 {[%clk 00:08:18]} 54. Kxg5 {[%clk 00:02:08]  [%emt 00:00:45]} 54...
Kg7 {[%clk 00:08:19]} 55. Kf5 {[%clk 00:02:03]} 55... Kf7 {[%clk 00:08:20]} 56.
g5 {[%clk 00:02:03]} 56... Kg7 {[%clk 00:08:21]} 57. g6 {[%clk 00:01:56]} 57...
Kg8 {[%clk 00:08:20]} 58. Kf6 {[%clk 00:01:54]} 58... Kf8 {[%clk 00:08:22]} 59.
Kg5 {[%clk 00:01:49]} 59... Kg7 {[%clk 00:08:23]} 1/2-1/2